000 00357nam a2200145Ia 4500
008 191201s2012 xx 000 0 und d
082 _a624.18341
_bRAA
100 _aKRISHNARAJU,N
245 0 _aAdvanced Reinforced Concrete Design
250 _aRep
260 _aN. delhi
_bCBS Publishers
_c2012
300 _a353
650 _aB.Tech(CE)
942 _2ddc
_cBK
999 _c5684
_d5684